|
|
|
|
| LEADER |
02509nam a22004215i 4500 |
| 001 |
8150 |
| 003 |
BD-DhAAL |
| 005 |
20230523115342.0 |
| 008 |
150826t20142013nyuab b 001 0 eng |
| 010 |
|
|
|a 2014378696
|
| 020 |
|
|
|a 9788184003703
|
| 020 |
|
|
|a 9780307744623 (paperback)
|
| 020 |
|
|
|z 9780385350471 (e-book)
|
| 040 |
|
|
|a DLC
|b eng
|e rda
|c DLC
|d BD-DhAAL
|
| 050 |
0 |
0 |
|a E855
|b .B34 2014
|
| 082 |
0 |
0 |
|a 327.7305409047
|2 23
|
| 100 |
1 |
|
|a Bass, Gary Jonathan,
|d 1969-
|e author.
|9 14162
|
| 245 |
1 |
4 |
|a The Blood telegram :
|b Nixon, Kissinger, and a forgotten genocide /
|c Gary J. Bass.
|
| 250 |
|
|
|a First Vintage Books edition, July 2014.
|
| 260 |
|
|
|a New York :
|b Vintage books,
|c c2013
|
| 300 |
|
|
|a xxiv, 499 pages :
|b illustrations, map ;
|c 21 cm.
|
| 504 |
|
|
|a Includes bibliographical references (pages 347-478) and index.
|
| 541 |
|
|
|a Karim International, Donated By Akbar Ali Khan
|e 8150, 33773, 33774, 33775, 41231
|
| 600 |
1 |
0 |
|a Nixon, Richard M.
|q (Richard Milhous),
|d 1913-1994.
|9 14163
|
| 600 |
1 |
0 |
|a Kissinger, Henry,
|d 1923-
|9 14164
|
| 650 |
|
0 |
|a Genocide
|z Bangladesh.
|9 14165
|
| 651 |
|
0 |
|a United States
|x Foreign relations
|y 1969-1974.
|9 14166
|
| 651 |
|
0 |
|a Bangladesh
|x History
|y Revolution, 1971
|x Atrocities.
|9 6917
|
| 651 |
|
0 |
|a United States
|x Foreign relations
|z South Asia.
|9 14167
|
| 651 |
|
0 |
|a South Asia
|x Foreign relations
|z United States.
|9 14168
|
| 852 |
|
|
|a Ayesha Abed Library
|c General Stacks
|
| 942 |
|
|
|2 ddc
|c BK
|
| 999 |
|
|
|c 35350
|d 35350
|
| 952 |
|
|
|0 0
|1 0
|2 ddc
|4 0
|6 327_730540904700000_BAS
|7 0
|9 55564
|a SCL
|b SCL
|c GEN
|d 2015-08-26
|g 450.00
|l 2
|m 12
|o 327.7305409047 BAS
|p 3020008150
|r 2017-06-19
|s 2017-05-22
|t 1
|w 2015-08-26
|y BK
|
| 952 |
|
|
|0 0
|1 0
|2 ddc
|4 0
|6 327_730540904700000_BAS
|7 0
|9 64389
|a BRACUL
|b BRACUL
|c GEN
|d 2018-09-13
|e Karim International
|g 2199.00
|l 5
|m 44
|o 327.7305409047 BAS
|p 3010033775
|r 2024-03-27
|s 2023-07-05
|t 4
|v 2199.15
|w 2018-09-13
|y BK
|
| 952 |
|
|
|0 0
|1 0
|2 ddc
|4 0
|6 327_730540904700000_BAS
|7 0
|9 64390
|a BRACUL
|b BRACUL
|c GEN
|d 2018-09-13
|e Karim International
|g 2199.00
|l 5
|m 51
|o 327.7305409047 BAS
|p 3010033774
|q 2026-05-20
|r 2025-09-07
|s 2025-09-07
|t 3
|v 2199.15
|w 2018-09-13
|y BK
|
| 952 |
|
|
|0 0
|1 0
|2 ddc
|4 0
|6 327_730540904700000_BAS
|7 0
|9 64391
|a BRACUL
|b BRACUL
|c GEN
|d 2018-09-13
|e Karim International
|g 2199.00
|l 5
|m 13
|o 327.7305409047 BAS
|p 3010033773
|r 2026-05-18
|s 2026-04-22
|t 2
|v 2199.15
|w 2018-09-13
|y BK
|
| 952 |
|
|
|0 0
|1 0
|2 ddc
|4 0
|6 327_730540904700000_BAS
|7 1
|9 73678
|a BRACUL
|b BRACUL
|c AAKC
|d 2023-05-23
|e Donated By Akbar Ali Khan
|g 780.00
|l 0
|o 327.7305409047 BAS
|p 3010041231
|r 2023-05-23
|t 5
|w 2023-05-23
|y BK
|x Rs 599.00
|